LEADER 00675nam a2200169 i 4500 001 000000251514 003 CaOOAMICUS 005 20161117000000.0 008 161117s1893 it u000 u ita u 013 $a230419 040 $aSeMil$bita 245 10$aVol. 1. 300 $aXXX, 772 p., [1] c. di tav. :$britr. 773 0 $aCadorna, Carlo <1809-1891>$tReligione, diritto, libertà.$bEd. postuma / curata dal generale Cadorna ; con cenni biografici del senatore M. Tabarrini.$dMilano : Ulrico Hoepli, 1893.$g1$w()33428 850 $aSeMil 852 $aSeMil$W1$xVenegono$y1$m3L IV 95 FA$j201860$B201860$CSeMilBibl$Z2$F214214 $8I 996 $6245$aVol. 1$9(OLS)http://semarc/title/13429 LEADER 01114nam a2200265 i 4500 001 000000077368 003 CaOOAMICUS 005 20091127000000.0 008 091127s1998 fr u000 u fre u 013 $a48540 020 $a2-220-04165-4 040 $aSeMil$bita 100 1 $aThomas, Pascal .$0(OLS)http://semarc/name/3754 245 10$aSi vous vous ennuyez pendant le sermon /$cGroupe Pascal Thomas. 260 $aParis :$bDesclée de Brouwer,$c1998. 300 $a175 p. ;$c21 cm. 490 0 $aPascal Thomas-Pratiques chrétiennes ;$v17 650 4$aPredicazione - Studi.$0(OLS)http://semarc/subject/1679 830 0$aPascal Thomas-Pratiques chrétiennes ;$v17.$0(OLS)http://semarc/title/9634 850 $aSeMil 852 $aSeMil$W1$xVenegono$y1$m2F I 327$j43520$B43520$CSeMilBibl$Z2$F74698 $81 961 $aOmaggio: Bressan don Luca 996 $6020$a2-220-04165-4$9(OLS)http://semarc/number/58995 996 $6245$aSi vous vous ennuyez pendant le sermon$9(OLS)http://semarc/title/125639 996 $6260$aParis :$bDesclée de Brouwer$9(OLS)http://semarc/publisher/30132 LEADER 01609nam a2200277 i 4500 001 000000083433 003 CaOOAMICUS 005 20240220141204.0 008 160408s1789 it u000 u lat u 013 $a55673 026 $aamo- o-n- ,&t. tari (3) 1789 (R) 040 $aSeMil$bita 110 2 $aAgostiniani .$0(OLS)http://semarc/name/1713 245 10$aBreviarium augustinianum ad usum fratrum & monialium ordinis eremitarum Sancti Augustini juxta formam Breviarii Romani ordinatum, in quo officia tam sanctorum ... fr. Stephano Bellesini totius praefati ordinis priore generalis editum. 260 $aVenetiis :$bEx Typographia Balleoniana,$c1789. 300 $a1 v. (diverse sequenze) ;$c4°. 500 $aVignetta calcogr. sul front. stampato in rosso e nero 500 $aTesto su due colonne 650 4$aAgostiniani - Breviari, messali, processionali, collettari, etc.$0(OLS)http://semarc/subject/1515 700 1 $aBellesini, Stefano,$c.$0(OLS)http://semarc/name/39233 700 1 $aBaglioni,$c.$0(OLS)http://semarc/name/475 850 $aSeMil 852 $aSeMil$W1$xVenegono$y1$m3K V 22 FA$j48011$B48011$CSeMilBibl$Z2$F51032 $8I 996 $6245$aBreviarium augustinianum ad usum fratrum & monialium ordinis eremitarum Sancti Augustini juxta formam Breviarii Romani ordinatum, in quo officia tam sanctorum ... fr. Stephano Bellesini totius praefati ordinis priore generalis editum$9(OLS)http://semarc/title/130479 996 $6260$aVenetiis :$bEx Typographia Balleoniana$9(OLS)http://semarc/publisher/29933